| 000 | 01925nam a2200373 a 4500 | ||
|---|---|---|---|
| 001 | ebr10671577 | ||
| 003 | CaPaEBR | ||
| 006 | m o u | ||
| 007 | cr cn||||||||| | ||
| 008 | 130116s2013 enka sb 001 0 eng d | ||
| 010 | _z 2012050378 | ||
| 020 | _z9781118334317 (pbk. : alk. paper) | ||
| 020 | _z9781118334294 (cloth : alk. paper) | ||
| 020 | _z9781118555965 (e-book) | ||
| 040 |
_aCaPaEBR _cCaPaEBR |
||
| 035 | _a(OCoLC)829706585 | ||
| 050 | 1 | 4 |
_aR855.3 _b.T73 2013eb |
| 082 | 0 | 4 |
_a610.285 _223 |
| 245 | 0 | 4 |
_aThe transhumanist reader _h[electronic resource] : _bclassical and contemporary essays on the science, technology, and philosophy of the human future / _cedited by Max More and Natasha Vita-More. |
| 260 |
_aChichester, West Sussex, U.K. : _bWiley-Blackwell, _c2013. |
||
| 300 |
_axiii, 460 p. : _bill. |
||
| 504 | _aIncludes bibliographical references and index. | ||
| 505 | 0 | _apt. I. Roots and core themes -- pt. II. Human enhancement : the somatic sphere -- pt. III. Human enhancement : the cognitive sphere -- pt. IV. Core technologies -- pt. V. Engines of life : identity and beyond death -- pt. VI. Enhanced decision-making -- pt. VII. Biopolitics and policy -- pt. VIII. Future trajectories : singularity -- pt. IX. The world's most dangerous idea. | |
| 533 |
_aElectronic reproduction. _bPalo Alto, Calif. : _cebrary, _d2015. _nAvailable via World Wide Web. _nAccess may be limited to ebrary affiliated libraries. |
||
| 650 | 0 |
_aMedical technology _xSocial aspects. |
|
| 650 | 0 |
_aHumanism _xHistory. |
|
| 650 | 0 |
_aHuman body (Philosophy) _xHistory. |
|
| 650 | 0 |
_aGenetic engineering _xSocial aspects. |
|
| 655 | 7 |
_aElectronic books. _2local |
|
| 700 | 1 |
_aMore, Max, _d1964- |
|
| 700 | 1 |
_aVita-More, Natasha, _d1950- |
|
| 710 | 2 | _aebrary, Inc. | |
| 856 | 4 | 0 |
_uhttp://site.ebrary.com/lib/rucke/Doc?id=10671577 _zAn electronic book accessible through the World Wide Web; click to view |
| 999 |
_c163535 _d163535 |
||